Reality and economic theory (Registro nro. 29252)

Detalles MARC
000 -LEADER
fixed length control field 00326 a2200109 4500
001 - CONTROL NUMBER
control field ART_44313
005 - DATE AND TIME OF LATEST TRANSACTION
control field 20260410161938.0
008 - FIXED-LENGTH DATA ELEMENTS--GENERAL INFORMATION
fixed length control field 260409a
100 1# - MAIN ENTRY--PERSONAL NAME
Personal name Davidson, Paul
245 10 - TITLE STATEMENT
Title Reality and economic theory
773 0# - HOST ITEM ENTRY
Title Journal of post Keynesian economics
Related parts - Vol. 18, Nº 4 (jun. 1996)
Record control number REV26226

No hay ítems disponibles.